000 00335nam a22001097a 4500
003 SGT
082 _a891.4309
_bS21M
245 _aमोहन, अरविन्द राजकमल प्रकाशन
260 _bसच्चिदानंद सिन्हा रचनावली
_c2021
300 _a447
942 _2ddc
_cBK
999 _c31228
_d31228